000 00891 a2200241 4500
005 20081106115928.0
008 081106t xxu||||| |||| 00| 0 ur d
010 _aUR-7312
020 _c100.00
035 _aU-5868
037 _bD.B.Act / Pub
082 _a841
100 _aسميع سلطا ن پوری
245 _aمطلع سحر
_cسميع سلطان پوری
246 _aMatla-e-Sahar
_bby Sami Sultanpuri
260 _aسلطا ن پور
_bسميع سلطان پوری
_c2006
270 _aبھٹی ،جرولی ،پوسٹ کٹا واں،
_bسلطا ن پوری
_cيو پی
_e228001
_k9235794786
300 _a132p
_c22cm (pbk)
650 _aشا عری
650 _aPoetry
942 _adpl
_cUR
_2ddc
_h841
_mس م ع
999 _c3088
_d3088